000 00391nam a22001337a 4500
008 230623b xxu||||| |||| 00| 0 eng d
020 _a9966900322
082 _a330.
_bKID 1994
245 _aIndices of Effecive Exchange Rates: A Comparative Study of Ethiopia, Kenya and the Sudan
260 _bAfrican Economic Research Consortium
_c1994
300 _a59p
440 _n29
942 _2ddc
_cBK
999 _c2420
_d2420